| 000 | 00697cam a22002414a 4500 | ||
|---|---|---|---|
| 008 | |||
| 020 | _a9781905812165 (pbk.) | ||
| 049 | _aMAIN | ||
| 090 |
_aR729 _bPIC |
||
| 100 | 1 | _aPicard, Olivier. | |
| 245 | 1 | 0 |
_a250 SJTs for foundation year entry / _cOlivier Picard, Gail Allsopp and Lydia Campbell. |
| 260 |
_aLondon : _bISC Medical, _c2012. |
||
| 300 |
_a484 p. : _bill. ; _c21 cm. |
||
| 650 | _aFamily medicine. | ||
| 650 | _aClinical medicine. | ||
| 700 | 1 | _aAllsopp, Gail. | |
| 700 | _aCampbell, Lydia. | ||
| 907 |
_a.b10353926 _b27-01-15 _c26-01-15 |
||
| 003 | |||
| 005 | 20230120204145.0 | ||
| 040 | _cNUST | ||
| 942 |
_cBOOKS _kR729 _mPIC |
||
| 999 |
_c118168 _d118168 |
||